000 01734cam a22004934i 4500
003 PE-LiUPU
005 20250731173538.0
008 150616s1994 miu r 001 0 eng d
020 _a0802819346
020 _a9780802819345
035 _a(Sirsi) i9780802819345
040 _aPE-LiUPU
_bspa
_cPE-LiUPU
_erda
049 _aPRUA
082 0 4 _a264.002
_bM26
_221
100 1 _aMartin, Ralph P.,
_eautor.
245 1 4 _aThe Worship of God /
_cRalph P. Martin.
264 1 _aGrand Rapids, Michigan :
_bW. B. Eerdmans Publishing Co.,
_c1994.
300 _a237 páginas ;
_c21 centímetros
336 _atext
_2rdacontent
337 _aunmediated
_2rdamedia
338 _avolume
_2rdacarrier
504 _aÍndice: páginas 229-237.
505 0 _aLet us worship God -- Praises with understanding -- Praying together -- Hymns and sacred songs -- Bring and offering -- Confessing the faith.
526 _aSEG42
526 _aSEG41
526 _aSEG40
526 _aSEG39
526 _aP94
526 _aP87
526 _aP86
526 _aP85
526 _aP77
526 _aP76
526 _aP35
650 0 4 _aCulto público
_vManuales.
910 _ajck
_bjvq
_cjck
910 _adbm
_bjpc
_cjpc
_d20190507
942 _2ddc
_cBOOK
994 _aC0
_bPEPRU
596 _a1
999 _a264.002 M26
_wDEWEY
_c60354
_i42371
_f2021-11-10
_g11
_lCCODEBUL1
_mBUL
_p11.00
_r0
_sY
_tBOOK
_u2015-6-16
_xTEOLOGIA
_PP35
_0COMPRA
_o.STAFF. Colección Teología
_d60354
999 _a264.002 M26
_wDEWEY
_c2
_i80225
_f2021-11-10
_g3
_lCCODEBUL1
_mBUL
_p11.00
_r0
_sY
_tBOOK
_u2019-5-7
_xTEOLOGIA
_PP35
_0COMPRA
_o.STAFF. Colección Teología
980 _81
_gALBERTO SANCHEZ Responsable de Automatización